A user's guide to copyright / (Record no. 464)
[ view plain ]
| 000 -LEADER | |
|---|---|
| fixed length control field | 01327cam a22003977a 4500 |
| 001 - CONTROL NUMBER | |
| control field | 14828174 |
| 003 - CONTROL NUMBER IDENTIFIER | |
| control field | OSt |
| 005 - DATE AND TIME OF LATEST TRANSACTION | |
| control field | 20110420162635.0 |
| 008 - FIXED-LENGTH DATA ELEMENTS--GENERAL INFORMATION | |
| fixed length control field | 070430s2006 enk 001 0 eng d |
| 010 ## - LIBRARY OF CONGRESS CONTROL NUMBER | |
| LC control number | 2007405693 |
| 015 ## - NATIONAL BIBLIOGRAPHY NUMBER | |
| National bibliography number | GBA643686 |
| Source | bnb |
| 016 7# - NATIONAL BIBLIOGRAPHIC AGENCY CONTROL NUMBER | |
| Record control number | 006940285 |
| Source | Uk |
| 020 ## - INTERNATIONAL STANDARD BOOK NUMBER | |
| International Standard Book Number | 0406200750 |
| 035 ## - SYSTEM CONTROL NUMBER | |
| System control number | (OCoLC)ocm64186889 |
| 040 ## - CATALOGING SOURCE | |
| Original cataloging agency | AKL |
| Transcribing agency | AKL |
| Modifying agency | UKM |
| -- | NLGGC |
| -- | YDXCP |
| -- | OCLCQ |
| -- | DLC |
| 042 ## - AUTHENTICATION CODE | |
| Authentication code | lccopycat |
| 043 ## - GEOGRAPHIC AREA CODE | |
| Geographic area code | e-uk--- |
| 050 00 - LIBRARY OF CONGRESS CALL NUMBER | |
| Classification number | KD1289.3 |
| Item number | .F55 2006 |
| 082 04 - DEWEY DECIMAL CLASSIFICATION NUMBER | |
| Classification number | 346.140482 FLI |
| Edition number | 22 |
| 084 ## - OTHER CLASSIFICATION NUMBER | |
| Classification number | 86.33 |
| Source of number | bcl |
| 100 1# - MAIN ENTRY--PERSONAL NAME | |
| Personal name | Flint, Michael F. |
| 9 (RLIN) | 1377 |
| 245 12 - TITLE STATEMENT | |
| Title | A user's guide to copyright / |
| Statement of responsibility, etc | by Michael Flint, Nick Fitzpatrick & Clive Thorne. |
| 250 ## - EDITION STATEMENT | |
| Edition statement | 6th ed. |
| 260 ## - PUBLICATION, DISTRIBUTION, ETC. (IMPRINT) | |
| Place of publication, distribution, etc | Haywards Heath, West Sussex : |
| Name of publisher, distributor, etc | Tottel Pub., |
| Date of publication, distribution, etc | 2006. |
| 300 ## - PHYSICAL DESCRIPTION | |
| Extent | lvii, 641 p. ; |
| Dimensions | 22 cm. |
| 500 ## - GENERAL NOTE | |
| General note | Includes index. |
| 650 #0 - SUBJECT ADDED ENTRY--TOPICAL TERM | |
| Topical term or geographic name as entry element | Copyright |
| Geographic subdivision | Great Britain. |
| 9 (RLIN) | 1378 |
| 650 17 - SUBJECT ADDED ENTRY--TOPICAL TERM | |
| Topical term or geographic name as entry element | Auteursrecht. |
| Source of heading or term | gtt |
| 9 (RLIN) | 1379 |
| 651 #7 - SUBJECT ADDED ENTRY--GEOGRAPHIC NAME | |
| Geographic name | 4.240. |
| Source of heading or term | gtt |
| 9 (RLIN) | 1380 |
| 700 1# - ADDED ENTRY--PERSONAL NAME | |
| Personal name | Fitzpatrick, Nick. |
| 9 (RLIN) | 1381 |
| 700 1# - ADDED ENTRY--PERSONAL NAME | |
| Personal name | Thorne, Clive. |
| 9 (RLIN) | 1382 |
| 906 ## - LOCAL DATA ELEMENT F, LDF (RLIN) | |
| a | 7 |
| b | cbc |
| c | copycat |
| d | 2 |
| e | ncip |
| f | 20 |
| g | y-gencatlg |
| 942 ## - ADDED ENTRY ELEMENTS (KOHA) | |
| Source of classification or shelving scheme | Dewey Decimal Classification |
| Koha item type | Books |
| Withdrawn status | Lost status | Source of classification or shelving scheme | Damaged status | Not for loan | Home library | Current library | Shelving location | Date acquired | Total Checkouts | Full call number | Barcode | Date last seen | Price effective from | Koha item type |
|---|---|---|---|---|---|---|---|---|---|---|---|---|---|---|
| Dewey Decimal Classification | Law Development Centre Main Library | Law Development Centre Main Library | Text Books and Laws | 04/20/2011 | 346.140482 FLI | 02998 | 04/20/2011 | 04/20/2011 | Books |
